| 000 | 00000nam 2200000zi 4500 |
| 001 | 9.924649 |
| 003 | CaOODSP |
| 005 | 20240213153821 |
| 006 | m o d f |
| 007 | cr |n||||||||| |
| 008 | 230630t20232023onco o f000 0 fre d |
| 020 | |a9780660493367 |
| 040 | |aCaOODSP|bfre|erda|cCaOODSP |
| 041 | 1 |afre|beng |
| 043 | |an-cn--- |
| 086 | 1 |aH14-442/2023F-PDF |
| 245 | 00|aEnquête de référence sur la prestation dentaire canadienne : |brapport final / |crédigé pour le compte de Santé Canada. |
| 264 | 1|aOttawa (Ontario) : |bSanté Canada = Health Canada, |c2023. |
| 264 | 4|c©2023 |
| 300 | |a1 ressource en ligne (125 pages) : |bphotographies en couleur + |esommaire (10 pages) |
| 336 | |atexte|btxt|2rdacontent/fre |
| 337 | |ainformatique|bc|2rdamedia/fre |
| 338 | |aressource en ligne|bcr|2rdacarrier/fre |
| 500 | |a« Fournisseur : The Strategic Counsel. » |
| 500 | |a« Numéro de contrat : CW2271909. » |
| 500 | |a« Numéro d’enregistrement : POR 126-22. » |
| 500 | |a« SC POR – 22-32. » |
| 500 | |a« Mars 2023. » |
| 500 | |aPublié aussi en anglais sous le titre : Canada dental benefit baseline survey : final report. |
| 546 | |aComprend du texte en anglais. |
| 650 | 6|aCampagnes publicitaires|zCanada|xOpinion publique. |
| 650 | 6|aPublicité d'État|zCanada|xOpinion publique. |
| 650 | 6|aAssurance dentaire|zCanada|xOpinion publique. |
| 650 | 6|aOpinion publique|zCanada. |
| 650 | 6|aParents|zCanada|xAttitudes. |
| 710 | 1 |aCanada. |bSanté Canada, |eorganisme de publication. |
| 710 | 2 |aStrategic Counsel (Firme), |econsultant. |
| 775 | 08|tCanada dental benefit baseline survey : |w(CaOODSP)9.924648 |
| 794 | |tPrestation dentaire canadienne - enquete de référence élargie : |b(septembre 2023)|w(CaOODSP)9.932214 |
| 856 | 40|qPDF|s5.11 Mo|uhttps://publications.gc.ca/collections/collection_2023/sc-hc/H14-442-2023-fra.pdf|zRapport final |
| 856 | 40|qPDF|s464 Ko|uhttps://publications.gc.ca/collections/collection_2023/sc-hc/H14-442-2023-1-fra.pdf|zSommaire |
| 856 | 4 |qHTML|sS.O.|uhttps://epe.bac-lac.gc.ca/100/200/301/pwgsc-tpsgc/por-ef/health/2023/126-22-f/rapport.html|zRapport final |
| 856 | 4 |qHTML|sS.O.|uhttps://epe.bac-lac.gc.ca/100/200/301/pwgsc-tpsgc/por-ef/health/2023/126-22-f/sommaire/sommaire.html|zSommaire |